| 000 | 00388nam a22001337a 4500 | ||
|---|---|---|---|
| 020 | _a9787549564125 | ||
| 082 |
_a895.1 _bLON |
||
| 100 | _aAndre : Long, Yingtai | ||
| 245 |
_aDear Andre (Chinese Edition) / _cAndre : Yingtai Long |
||
| 260 |
_bGuangxi Normal University Press, _c2015. |
||
| 300 |
_a267 p. ; _c23 cm. |
||
| 880 |
_6245-02\r _a亲爱的安德烈 / |
||
| 942 |
_2ddc _cBK |
||
| 999 |
_c591712 _d591712 |
||